000 00594nam a2200205Ia 4500
003 GCL
008 140319s9999 xx 000 0 eng d
040 _aGCL /
_cGCL
082 0 4 _a616.89001
_bR U
100 1 _aROSENBERG, MORRIS
245 1 0 _aTHE UNREAD MIND: UNREAVELING THE MYSTERY OF MADNESS /
_cROSENBERG, MORRIS
260 _a[S.N] :
_bMAXWELL MACMILLAN INTERNATIONAL ،
_c1991
300 _a125 P
650 0 4 _aPSYCHOLOGICAL - PATHOLOGICAL - PHILOSOPHY
650 0 4 _aROLE PLAYING
650 0 4 _aPHILOSOPHY
650 0 4 _aMENTAL ILLNESS
650 0 4 _aSOCIAL ROLE
942 _2ddc
_cBK
999 _c21758
_d21758